Escudos de Europa - Estadísticas

Estadísticas generales
  • Esta prueba ha sido intentada 72 veces
  • La puntuación promedio es 26 de 48
Estadísticas de respuestas
Imagen Respuesta % Correcto
España
98%
Austria
93%
Islandia
93%
Italia
90%
Suiza
90%
Albania
88%
Croacia
86%
Alemania
83%
Turquía
81%
Bosnia y Herzegovina
79%
Eslovaquia
79%
Eslovenia
79%
Kosovo
79%
Malta
79%
Andorra
74%
Portugal
74%
Bielorrusia
71%
San Marino
71%
Polonia
69%
Bélgica
67%
Hungría
67%
Ucrania
62%
Ciudad del Vaticano
57%
Grecia
55%
Irlanda
55%
Moldavia
55%
Reino Unido
55%
Serbia
55%
Francia
52%
Rumanía
52%
Bulgaria
45%
Montenegro
31%
Letonia
29%
Dinamarca
26%
Países bajos
26%
República Checa
26%
Rusia
26%
Mónaco
24%
Suecia
24%
Finlandia
21%
Georgia
21%
Lituania
21%
Macedonia del Norte
21%
Estonia
19%
Noruega
19%
Armenia
17%
Liechtenstein
17%
Luxemburgo
17%
No se encontraron pruebas coincidentes
Distribución de puntuación
Porcentaje de gente con cada puntuación
Porcentaje por número respondido
Historial de tus puntuaciones
No has intentado esta prueba.